Ekonomika inovácií diplomová práca

Na minha lista:
Detalhes bibliográficos
Autor principal: Kovalčíková, Elena
Autor Corporativo: Fakulta podnikového manažmentu EU. Katedra podnikovohospodárska
Outros Autores: Matušovič, Martin
Formato: Livro
Idioma:eslovaco
Publicado em: Bratislava 2021
Tags: Adicionar Tag
Sem tags, seja o primeiro a adicionar uma tag!

MARC

LEADER 00000nbm a2200000 4500
001 0275644
005 20211203094950.5
041 0 |a slo 
044 |a SK 
245 1 0 |a Ekonomika inovácií  |b diplomová práca  |c Elena Kovalčíková ; školiteľ: Martin Matušovič 
264 1 |a Bratislava  |c 2021 
300 |a 67 s. 
100 1 |a Kovalčíková, Elena 
700 1 |a Matušovič, Martin 
710 2 |a Fakulta podnikového manažmentu EU. Katedra podnikovohospodárska